01890nam a2200265 i 4500003000900000005001700009006001900026007000300045008004100048040003000089082001400119100005500133245008400188264003200272300002600304336002700330337003300357338002800390505095600418590002701374710008701401942001401488952010501502999001701607DO-SdBNP20240122123643.0a||||gr|||| 00| 0 ta240122e1996 dr ad||| |||| 00| 0 spa d aDO-SdBNPbspacBNPHUerda 4222bA445i1 aAlmánzar García, José Nicolás93006eautor aInstructivo metodológico y electoral /cJosé Nicolás Almánzar García. aSanto Domingo :bIFP,c1996 a59 páginas ;c21 cm 2rdacontentatextobtxt 2rdamediaasin mediaciónbn 2rdacarrieravolumenbnc aPresentación.tCapítulo I.- Los colegios Electorales Cerrados.-- Primera etapa: Instalación.-- Llgada y credenciales.-- Mie,bros ausentes.- Materiales, urnas y csetas.-- Segunda etapa: Inscripción.-- Tercera etapa: Votación.-- Orden de la Votación.-- Identificación del elector y pasos a cumplir para votar.-- el Voto observado.-- Fin de Votación.-- Cuarta etapa: Escrutinio.-- Deterninación número de elctores.-- Boletas demás: Forma de solución.-- Conteo.-- Levantamiento del acta.-- Relación de Votación.-- Entrega de Resultados.tCapítulo II.- algunas interrogantes sobre los Colegios Electorales Cerrados cuya respuestas pueden ayudar a su mejor cumplimiento e interpretación.--tCapítulo III.- Población Electoral y Cuerpo Electoral.--tCapítulo IV.- Población Electoral y Cuerpo Electoral.--tCapítulo VI.- El Cómputo Electoral: (Datos Estadísticos).--tCapítulo VII.- La Seguna Vuelta Electoral. aInventariado 2024 / MF2 aInstituto de Formación Política del Partido Reformista Social Cristiano955055 2ddccLBS1 00102ddc51708PDaBNPHUbBNPHUcCTd2014-12-22l0oA445ip2024-0370r2024-01-22w2024-01-22yLBS1 c55736d55736